Caricamento...

Optical fiber communications

Dettagli Bibliografici
Autore principale: Keiser, Gerd; Author
Natura: Printed Book
Pubblicazione: Boston, Mc Graw Hill 2000
Edizione:Ed.3
Serie:McGraw-Hill series in electrical and computer engineering
Soggetti:
LEADER 007230000a22002410004500
020 |a 0-07-116468-5 
082 |a 621.382 75 P0 
100 |a Keiser, Gerd; Author 
245 |a Optical fiber communications 
250 |a Ed.3 
260 |a Boston, Mc Graw Hill 
260 |c 2000 
460 |a xxi,602 
463 |a CD ROM 
465 |a Rs.332.15 
490 |a McGraw-Hill series in electrical and computer engineering 
500 |a Gerd Keiser 
500 |a Includes index 
650 |a Fiber optics 
650 |a Optical communications 
942 |c BK 
999 |c 31114  |d 31114 
952 |0 0  |1 0  |4 0  |6 621_382000000000000_75_P0  |7 0  |8 ENG  |9 31165  |a MGUL  |b MGUL  |d 2013-07-16  |e Rs.332.15  |l 0  |o 621.382 75 P0  |p 31581  |r 2013-07-16  |w 2013-07-16  |y BK